Zi you zhi xin (1 & 2) . Tandia (1 & 2)
| Main Author: | |
|---|---|
| Other Authors: | |
| Format: | Book |
| Published: |
s.l. :
Muses Publishing House ,
2011
|
| Subjects: |
MARC
| LEADER | 00000cam a2200000 7i4500 | ||
|---|---|---|---|
| 001 | 0000188107 | ||
| 005 | 20250930120928.0 | ||
| 020 | |a 9789866665868 | ||
| 090 | 0 | 0 | |a FMC |b COU |
| 100 | 1 | |a Courtenay, Bryce | |
| 245 | 1 | 0 | |a Zi you zhi xin (1 & 2) . |p Tandia (1 & 2) |c Bryce Courtenay ; translator, Wu Jun Hong |
| 260 | |a s.l. : |b Muses Publishing House , |c 2011 | ||
| 300 | |a 362p. ; |c 21cm. | ||
| 650 | 0 | 0 | |a Chinese fiction |
| 650 | 0 | 0 | |a Chinese language |
| 700 | 0 | |a Wu Jun Hong | |
| 999 | |a 00299521 |b BUKU |c FICTION MANDARIN COLLECTION |e PERPUSTAKAAN KOMUNITI PETALING JAYA | ||